000 01518nam0a22003371 4500
001 rc\3546665
005 20260407091305.0
021 _aRU
_b[69-105164]
035 _a(NLR Aleph) 007673230
090 _a6457402
_c6457402
100 _a20130115d1969 |||y0rusy50 ca
101 0 _arus
102 _aRU
105 _ay z |||||
200 1 _aXXIII съезд Коммунистической партии Советского Союза
_fМоск. гос. ун-т им. М.В. Ломоносова. Кафедра истории КПСС гуманитарных фак.
210 _aМосква
_cИзд-во Моск. ун-та
_d1969
215 _a188 с.
_d21
300 _aПеред загл. авт.: С.В. Воронкова, И.Д. Кабанова, И.М. Москаленко
532 1 1 _aДвадцать третий съезд Коммунистической партии Советского Союза
601 0 2 _aКПСС
_jСъезд 23-й
_yМосква
_2psbo
606 _aКоммунистическое строительство в СССР
_2psbo
606 _aВнешняя политика СССР
_2psbo
700 1 _aВоронкова
_bС.В.
_gСофья Васильевна
701 1 _aМоскаленко
_bИ.М.
701 1 _aКабанова
_bИ.Д.
712 0 2 _aКПСС
_bСъезд
_d23
_f1966
_eМосква
_3RU\NLR\AUTH\8810048924
_9597910
801 0 _aRU
_bNLR
_gpsbo
801 1 _aRU
_bELAR
_2rusmarc
852 _aNLR
_j69-5/6048
942 _cBOOK
980 _aNB